| 000 | 00673nam a2200169 a 4500 | ||
|---|---|---|---|
| 001 | 000042591 | ||
| 005 | 20201002040246.0 | ||
| 008 | 140129s1992 sp ac 000 0 spa d | ||
| 040 |
_aDO-SdBNP _bspa _cBNPHU |
||
| 082 |
_axxxx _bxxxx |
||
| 100 | 1 |
_aGalí Boadella, Montserrat, _d1947- _969841 |
|
| 245 | 1 | 0 |
_aArtistes catalans a méxic : _bsegles XIX i XX / _cMontserrat Galí i Boadella. |
| 260 |
_aBarcelona : _bGeneralitat de Catalunya _bDepartament de la Presidència. Comissió Amèrica Catalunya, _c1992. |
||
| 300 |
_a178 p. : _bil. retrs. ; _c24 cm. |
||
| 500 | _aIncluye datos biográficos de la autora en la solapa de la cubierta | ||
| 504 | _aBibliografía : p. 177-178 | ||
| 999 |
_c42080 _d42080 |
||